[Event "9. LGA Premium Cup 2012"]
[Site "Nürnberg"]
[Date "2012.09.09"]
[Round "6.52"]
[White "Osmanodja, Filiz"]
[Black "Stabernack, Joschi"]
[Result "1/2-1/2"]
[WhiteElo "2198"]
[BlackElo "1970"]
[PlyCount "104"]
[EventDate "2012.??.??"]
[WhiteTeam "USV TU Dresden"]
[BlackTeam "Kasseler SK 1876"]

1. e4 e5 2. Nf3 Nf6 3. Nxe5 Nxe4 4. Qe2 Qe7 5. Qxe4 d6 6. d4 dxe5 7. dxe5 Nc6
8. Bb5 Bd7 9. Nc3 Qb4 10. Qf4 O-O-O 11. O-O Qxf4 12. Bxf4 Re8 13. Rfe1 Bb4 14.
Bd3 g5 15. Bxg5 Nxe5 16. Rxe5 Rxe5 17. Bf6 Ree8 18. Bxh8 Rxh8 19. Nd5 Bd6 20.
Re1 Be6 21. Ne3 Be5 22. b3 Bc3 23. Re2 h6 24. f4 c6 25. Kf2 Kd7 26. g4 Bd4 27.
f5 Bd5 28. Kg3 Be5+ 29. Kh3 f6 30. c4 Bf7 31. Kg2 Kc7 32. Kf3 h5 33. h3 hxg4+
34. hxg4 c5 35. Rg2 Rh3+ 36. Ke2 Bf4 37. Nd1 Be8 38. Be4 b5 39. Rf2 Bg5 40. Rf3
Rh2+ 41. Rf2 Rh3 42. Bf3 bxc4 43. bxc4 Bc6 44. Nc3 Rg3 45. Nd5+ Bxd5 46. cxd5
Rh3 47. Kd3 Kd6 48. Kc4 Bh4 49. Rf1 Rh2 50. a4 Rf2 51. Rxf2 Bxf2 52. Kb5 Be3
1/2-1/2

[Event "9. LGA Premium Cup 2012"]
[Site "Nürnberg"]
[Date "2012.09.09"]
[Round "6.53"]
[White "Winterholler, Christina"]
[Black "Kordts, Wolfgang"]
[Result "0-1"]
[WhiteElo "1856"]
[BlackElo "2207"]
[PlyCount "80"]
[EventDate "2012.??.??"]
[WhiteTeam "SK Ingolstadt"]
[BlackTeam "SW Nürnberg Süd e.V."]

1. e4 c5 2. Nf3 g6 3. c3 Bg7 4. d4 Qc7 5. Be3 d6 6. Bb5+ Bd7 7. Bxd7+ Nxd7 8.
O-O Ngf6 9. Nbd2 O-O 10. h3 b5 11. Nh2 e5 12. d5 c4 13. Qe2 Nc5 14. Bxc5 Qxc5
15. Qe3 Nd7 16. b4 cxb3 17. axb3 a5 18. c4 b4 19. Nhf3 Ra6 20. Ne1 Qxe3 21.
fxe3 Bh6 22. Nc2 Nc5 23. Rf3 Rb8 24. Rff1 a4 25. Kf2 axb3 26. Nxb3 Rxa1 27.
Ncxa1 Nxe4+ 28. Kf3 f5 29. Nc2 Rc8 30. Nxb4 Rb8 31. Nc6 Rxb3 32. Re1 Nd2+ 33.
Kf2 Nxc4 34. Ra1 Bxe3+ 35. Ke2 e4 36. Ra8+ Kg7 37. Nd8 Rb2+ 38. Kf1 Rf2+ 39.
Ke1 Nb2 40. Ne6+ Kh6 0-1

[Event "9. LGA Premium Cup 2012"]
[Site "Nürnberg"]
[Date "2012.09.09"]
[Round "6.54"]
[White "Pfadenhauer, Tobias"]
[Black "Kannenberg, Karl-Heinz"]
[Result "0-1"]
[WhiteElo "1801"]
[BlackElo "2199"]
[PlyCount "94"]
[EventDate "2012.??.??"]
[WhiteTeam "Kronacher SK 1882 e.V."]
[BlackTeam "SC Kitzingen von 1905"]

1. d4 d5 2. c4 e6 3. Nc3 c6 4. e3 f5 5. f4 Nf6 6. Nf3 Be7 7. Bd3 O-O 8. O-O Ne4
9. Ne5 Nd7 10. Bd2 Ndf6 11. Be1 Bd7 12. Bh4 Be8 13. Bxf6 gxf6 14. Nf3 Bh5 15.
Be2 Kh8 16. Nxe4 fxe4 17. Nd2 Bxe2 18. Qxe2 f5 19. c5 Rg8 20. Kh1 Bf6 21. Rg1
Rg4 22. h3 Qf8 23. g3 Rg6 24. g4 fxg4 25. Rxg4 Qh6 26. Qh2 Rag8 27. Rag1 Qh5
28. Rxg6 Rxg6 29. Rxg6 hxg6 30. Qg2 Qd1+ 31. Nf1 Kg7 32. Kh2 Qe1 33. Kg1 b6 34.
cxb6 axb6 35. Qd2 Qb1 36. Qb4 c5 37. dxc5 bxc5 38. Qxc5 Qxa2 39. Qc7+ Kh6 40.
Qb8 Qxb2 41. Qf8+ Bg7 42. Qe7 Qf6 43. Qb4 d4 44. exd4 Qxf4 45. Nh2 Qg3+ 46. Kh1
Qxh3 47. Qe1 e3 0-1

[Event "9. LGA Premium Cup 2012"]
[Site "Nürnberg"]
[Date "2012.09.09"]
[Round "6.55"]
[White "Roß, Thomas"]
[Black "Krauseneck, Peter"]
[Result "0-1"]
[WhiteElo "2035"]
[BlackElo "2212"]
[PlyCount "52"]
[EventDate "2012.??.??"]
[WhiteTeam "SG Büchenbach/Roth e.V."]
[BlackTeam "SC 1868 Bamberg"]

1. e4 e6 2. d4 d5 3. Bd3 c5 4. exd5 exd5 5. Qe2+ Be6 6. dxc5 Bxc5 7. Nf3 Nf6 8.
O-O O-O 9. Bg5 Nc6 10. Nbd2 Re8 11. Rfe1 h6 12. Bxf6 Qxf6 13. Nb3 Bb6 14. c3
Re7 15. Qd2 Rae8 16. a4 a6 17. Nfd4 Ne5 18. Bf1 Bd7 19. Re2 Nc4 20. Qc2 g6 21.
Rxe7 Rxe7 22. a5 Ba7 23. Bd3 Kg7 24. Rf1 h5 25. Qc1 Bb8 26. Nc5 Qd6 0-1

[Event "9. LGA Premium Cup 2012"]
[Site "Nürnberg"]
[Date "2012.09.09"]
[Round "6.56"]
[White "Bingert, Tim Niklas"]
[Black "Nabavi, Parwis"]
[Result "1/2-1/2"]
[WhiteElo "1931"]
[BlackElo "2181"]
[PlyCount "128"]
[EventDate "2012.??.??"]
[WhiteTeam "SK Langen"]
[BlackTeam "SGEM Dreisamtal"]

1. e4 e5 2. Nf3 Nc6 3. Bb5 a6 4. Ba4 Nf6 5. d3 Bc5 6. c3 d6 7. O-O b5 8. Bb3 h6
9. h3 O-O 10. Nbd2 Qe8 11. Re1 Bb7 12. Nf1 d5 13. exd5 Na5 14. Bc2 Nxd5 15. b4
Nxc3 16. Qd2 Bxb4 17. a3 Ne2+ 18. Qxe2 Bxf3 19. gxf3 Bxe1 20. Qxe1 Nc6 21. Qe3
Nd4 22. Bd1 Qd7 23. Kg2 Rad8 24. Bb2 c5 25. Ng3 Qd5 26. Qe4 Qd6 27. Rc1 Kh8 28.
Kh2 g6 29. Qh4 Kg7 30. Ne4 Qb6 31. Nxc5 Rd5 32. Qe4 Rfd8 33. Bxd4 exd4 34. Nb3
Qd6+ 35. f4 Qxa3 36. Ra1 Qd6 37. Bf3 Rf5 38. Kg3 Rf6 39. Qe5 Qxe5 40. fxe5 Rf5
41. Rxa6 Rxe5 42. Rb6 Rg5+ 43. Kh2 Rd7 44. h4 Re5 45. Kg3 Kh7 46. Kf4 Rf5+ 47.
Kg3 h5 48. Be4 Re5 49. Kf4 Ree7 50. Rxb5 Kg7 51. Rd5 f5 52. Bf3 Rxd5 53. Bxd5
Kf6 54. Bc4 Rg7 55. Nxd4 g5+ 56. hxg5+ Rxg5 57. Nf3 Rg4+ 58. Ke3 h4 59. d4 h3
60. Bf1 Re4+ 61. Kd3 Rf4 62. Ke3 Re4+ 63. Kd3 Rf4 64. Ke3 Re4+ 1/2-1/2

[Event "9. LGA Premium Cup 2012"]
[Site "Nürnberg"]
[Date "2012.09.09"]
[Round "6.57"]
[White "Miller, Eduard"]
[Black "Siegel, Adrian"]
[Result "1-0"]
[WhiteElo "2147"]
[BlackElo "2015"]
[PlyCount "57"]
[EventDate "2012.??.??"]
[WhiteTeam "SC Forchheim e.V."]
[BlackTeam "SUI"]

1. g3 d5 2. Bg2 c6 3. c4 e6 4. b3 Be7 5. Nf3 Nd7 6. Bb2 Bf6 7. d4 Nh6 8. O-O
Nf5 9. Nbd2 Qb6 10. e4 Nxd4 11. Bxd4 Bxd4 12. Nxd4 Qxd4 13. exd5 cxd5 14. cxd5
Nc5 15. Nc4 e5 16. Qxd4 exd4 17. Rfe1+ Kd8 18. Nd6 Rf8 19. Rad1 d3 20. b4 Na6
21. a3 Rb8 22. Rxd3 Bd7 23. Rde3 Kc7 24. Nc4 Rbe8 25. d6+ Kc8 26. Re7 Nb8 27.
Ne5 f6 28. Nxd7 Nxd7 29. Rxe8+ 1-0

[Event "9. LGA Premium Cup 2012"]
[Site "Nürnberg"]
[Date "2012.09.09"]
[Round "6.58"]
[White "Kotz, Reinhard"]
[Black "Adler, Herbert"]
[Result "1/2-1/2"]
[WhiteElo "2153"]
[BlackElo "2011"]
[PlyCount "43"]
[EventDate "2012.??.??"]
[WhiteTeam "SV Puschendorf 1949 e.V."]
[BlackTeam "SG Büchenbach/Roth e.V."]

1. e4 e6 2. b3 d5 3. Bb2 Nf6 4. e5 Nfd7 5. Qg4 c5 6. f4 Qc7 7. Nc3 a6 8. Nf3
Nc6 9. O-O-O b5 10. h4 h5 11. Qh3 d4 12. Ne4 Nb4 13. Kb1 Nd5 14. Nfg5 N7b6 15.
Qf3 f6 16. exf6 gxf6 17. Nh3 Bb7 18. f5 e5 19. Be2 O-O-O 20. Qf2 c4 21. Rhg1
Kb8 22. g4 1/2-1/2

[Event "9. LGA Premium Cup 2012"]
[Site "Nürnberg"]
[Date "2012.09.09"]
[Round "6.59"]
[White "Stein, Marco"]
[Black "Nöckler, Alexander"]
[Result "1-0"]
[WhiteElo "2149"]
[BlackElo "1975"]
[PlyCount "93"]
[EventDate "2012.??.??"]
[WhiteTeam "SK Marktoberdorf"]
[BlackTeam "Schachklub Weiden 1907"]

1. d4 d5 2. c4 e6 3. Nc3 c6 4. Nf3 Nd7 5. e3 Ngf6 6. Qc2 Be7 7. Bd3 O-O 8. g4
dxc4 9. Bxc4 Re8 10. Bd3 Nf8 11. Rg1 a6 12. e4 b5 13. g5 Nh5 14. Be3 Bb7 15.
Ne2 Bb4+ 16. Kf1 Nd7 17. e5 g6 18. Nd2 c5 19. Be4 Bd5 20. a3 Bxd2 21. Bxd5 exd5
22. Bxd2 cxd4 23. Nxd4 Nxe5 24. Bc3 Qd7 25. Kg2 Nf4+ 26. Kh1 Qh3 27. Rg3 Qh4
28. Qd2 Nh5 29. Rg2 Qh3 30. Re1 Nc4 31. Rxe8+ Rxe8 32. Qd1 Re4 33. a4 Qd7 34.
axb5 axb5 35. Qa1 Nf4 36. Rg4 f5 37. Rxf4 Rxf4 38. Qa8+ Kf7 39. Qh8 Qe7 40.
Qxh7+ Ke8 41. Qxg6+ Qf7 42. Qc6+ Qd7 43. Qa8+ Kf7 44. Bb4 Kg6 45. Qf8 Qh7 46.
Ne6 Rxf2 47. Qf6+ 1-0

[Event "9. LGA Premium Cup 2012"]
[Site "Nürnberg"]
[Date "2012.09.09"]
[Round "6.60"]
[White "Berger, Stefan"]
[Black "Mihok, Laszlo"]
[Result "1/2-1/2"]
[WhiteElo "1988"]
[BlackElo "2141"]
[PlyCount "137"]
[EventDate "2012.??.??"]
[WhiteTeam "SUI"]
[BlackTeam "SK Tempelhof 1931 e.V."]

1. d4 d5 2. c4 c6 3. Nf3 Nf6 4. Qc2 dxc4 5. Qxc4 Be6 6. Qc2 g6 7. Nc3 Bg7 8. e4
O-O 9. h3 b5 10. a3 a5 11. Be3 Na6 12. Bd3 Qb8 13. O-O Rc8 14. Ne2 a4 15. Rfc1
Bb3 16. Qd2 Nd7 17. Bc2 Bxc2 18. Rxc2 Nb6 19. Bf4 Qb7 20. Qd3 Rd8 21. Be5 f6
22. Bf4 e5 23. Be3 exd4 24. Nfxd4 c5 25. Qxb5 cxd4 26. Bxd4 Rdb8 27. Bxb6 Qxb6
28. Qxa4 Qe6 29. Rc6 Nc5 30. Qxa8 Rxa8 31. Rxe6 Nxe6 32. a4 Bf8 33. e5 f5 34.
b3 Bb4 35. Rc1 Kf7 36. h4 h6 37. Rc4 Rb8 38. Rc6 Ke7 39. Ra6 Rb7 40. g3 Rd7 41.
Rb6 Bc5 42. Rb5 Rd1+ 43. Kg2 Rb1 44. Rb7+ Kd8 45. Ng1 Kc8 46. Rh7 Bf8 47. Rf7
Rxb3 48. h5 g5 49. Rxf5 Kd7 50. Rf7+ Kc6 51. Nf3 Ra3 52. Nd4+ Nxd4 53. Rxf8 Kd5
54. Rf6 Kxe5 55. Rxh6 Rxa4 56. Rb6 g4 57. Rb8 Nf3 58. Rb1 Ra6 59. Rb5+ Kf6 60.
Rb1 Kg5 61. Rb5+ Kh6 62. Rb1 Kxh5 63. Rb5+ Kg6 64. Rb1 Re6 65. Rb4 Kg5 66. Rb5+
Re5 67. Rb8 Re1 68. Rg8+ Kf5 69. Rxg4 1/2-1/2

[Event "9. LGA Premium Cup 2012"]
[Site "Nürnberg"]
[Date "2012.09.09"]
[Round "6.61"]
[White "Shiomi, Ryo"]
[Black "Osmanovic, Faruk"]
[Result "1-0"]
[WhiteElo "2122"]
[BlackElo "2006"]
[PlyCount "43"]
[EventDate "2012.??.??"]
[WhiteTeam "JPN"]
[BlackTeam "SC Blauer Turm Bad Wimpfen"]

1. e4 c5 2. c3 d6 3. d4 Nf6 4. Bd3 Nc6 5. Nf3 Bg4 6. Be3 d5 7. Nbd2 dxe4 8.
Nxe4 cxd4 9. cxd4 e5 10. dxe5 Bb4+ 11. Nc3 Nd5 12. O-O Bxc3 13. bxc3 O-O 14.
Bd4 Nxd4 15. cxd4 Nc3 16. Bxh7+ Kh8 17. Qd3 Rc8 18. Rac1 Bxf3 19. Qxf3 Kxh7 20.
Rxc3 Qxd4 21. Rxc8 Rxc8 22. Qh3+ 1-0

[Event "9. LGA Premium Cup 2012"]
[Site "Nürnberg"]
[Date "2012.09.09"]
[Round "6.62"]
[White "Karasek, Christian"]
[Black "Ortpaul, Mario"]
[Result "1-0"]
[WhiteElo "2108"]
[BlackElo "1947"]
[PlyCount "69"]
[EventDate "2012.??.??"]
[WhiteTeam "SC Noris-Tarrasch Nürnberg 1873"]
[BlackTeam "Schachklub Werther 1949 e.V."]

1. e4 c5 2. Nf3 Nc6 3. Bb5 a6 4. Bxc6 bxc6 5. O-O d6 6. h3 g6 7. Re1 Bg7 8. Nc3
e5 9. Ne2 Ne7 10. c3 O-O 11. d4 cxd4 12. cxd4 exd4 13. Nexd4 d5 14. exd5 cxd5
15. Bg5 f6 16. Bf4 Nf5 17. Nc6 Qd7 18. Nfd4 Nxd4 19. Ne7+ Kh8 20. Qxd4 Bb7 21.
Rac1 f5 22. Qb4 Qb5 23. Qxb5 axb5 24. Rc7 Ba6 25. Nxd5 Rfe8 26. Rxe8+ Rxe8 27.
Ra7 Bc8 28. Nc7 Rg8 29. b4 Bc3 30. Nxb5 Bf6 31. Nd6 Be6 32. Nf7+ Bxf7 33. Rxf7
Bc3 34. b5 g5 35. Bc7 1-0

[Event "9. LGA Premium Cup 2012"]
[Site "Nürnberg"]
[Date "2012.09.09"]
[Round "6.63"]
[White "Krah, Michael"]
[Black "Schlötterer, Hermann"]
[Result "1/2-1/2"]
[WhiteElo "2091"]
[BlackElo "1933"]
[PlyCount "109"]
[EventDate "2012.??.??"]
[WhiteTeam "SV Alsfeld"]
[BlackTeam "Spvg Zabo-Eintracht Nürnberg e.V"]

1. d4 Nf6 2. Nf3 g6 3. Bf4 Bg7 4. e3 d6 5. h3 c5 6. c3 O-O 7. Be2 Nbd7 8. O-O
Re8 9. Nbd2 a6 10. e4 e5 11. dxe5 Nxe5 12. Re1 b5 13. a4 Rb8 14. axb5 axb5 15.
Nxe5 dxe5 16. Be3 Qc7 17. Qc2 Be6 18. Ra6 Bc8 19. Ra3 Re6 20. Rea1 Reb6 21. b4
Bf8 22. Nb3 Nd7 23. Bg4 cxb4 24. Bxb6 Nxb6 25. Ra7 Qxc3 26. Qa2 Bxg4 27. hxg4
Nc4 28. Rd1 Bh6 29. Na5 Rc8 30. Rb7 Ra8 31. Rxb5 Nb2 32. Rb1 Bc1 33. Kh2 Qc2
34. Rxb4 Rxa5 35. Rxc1 Qxf2 36. Qb3 Qf4+ 37. Kh3 Qh6+ 38. Kg3 Qf4+ 39. Kh3 Qxc1
40. Qxb2 Ra3+ 41. Kh2 Qf4+ 42. Kg1 Re3 43. Rb8+ Kg7 44. Qb4 Kh6 45. Qf8+ Kg5
46. Rb1 Qxe4 47. Rb4 Qd5 48. Qe7+ f6 49. Rb6 Kxg4 50. Qxh7 Qe4 51. Rxf6 Kg5 52.
Qe7 Kg4 53. Qd7+ Kg5 54. Qe7 Kg4 55. Qd7+ 1/2-1/2

[Event "9. LGA Premium Cup 2012"]
[Site "Nürnberg"]
[Date "2012.09.09"]
[Round "6.64"]
[White "Zahn, Alina"]
[Black "Konsek, Peter"]
[Result "1-0"]
[WhiteElo "1884"]
[BlackElo "2075"]
[PlyCount "37"]
[EventDate "2012.??.??"]
[WhiteTeam "SV Empor Erfurt"]
[BlackTeam "SW Nürnberg Süd e.V."]

1. e4 e5 2. Bc4 Nf6 3. d3 Nc6 4. Nf3 Bc5 5. c3 d6 6. Bb3 a6 7. h3 O-O 8. Bg5
Re8 9. O-O Ba7 10. Nbd2 Ne7 11. Bxf6 gxf6 12. Nh4 Ng6 13. Qh5 d5 14. Bxd5 c6
15. Bxf7+ Kxf7 16. Qxh7+ Ke6 17. Nxg6 Qxd3 18. Rad1 Qg3 19. Nc4 1-0

[Event "9. LGA Premium Cup 2012"]
[Site "Nürnberg"]
[Date "2012.09.09"]
[Round "6.65"]
[White "Steinmüller, Alexander"]
[Black "Hirschmann, Jakob"]
[Result "1-0"]
[WhiteElo "2068"]
[BlackElo "1897"]
[PlyCount "83"]
[EventDate "2012.??.??"]
[WhiteTeam "SV Puschendorf 1949 e.V."]
[BlackTeam "SG Reil-Kinheim"]

1. e4 e6 2. d4 d5 3. e5 c5 4. c3 Nc6 5. Nf3 Qb6 6. Bd3 cxd4 7. cxd4 Bd7 8. O-O
Nxd4 9. Nxd4 Qxd4 10. Nc3 a6 11. Qe2 Rc8 12. Kh1 Bc5 13. f4 Nh6 14. Nd1 Nf5 15.
g4 Nh6 16. h3 Ng8 17. Be3 Qb4 18. f5 Bb5 19. Bxb5+ axb5 20. Rf4 Qa5 21. fxe6
fxe6 22. Bxc5 Rxc5 23. b4 Qa4 24. Qf3 Ne7 25. bxc5 Qc2 26. Qe3 Ng6 27. Rf2 Qc4
28. Rc1 d4 29. Qg5 Qd5+ 30. Kg1 Rg8 31. Nb2 Nxe5 32. Qf4 g5 33. Qg3 Kd7 34. Re1
Ng6 35. Nd3 Re8 36. Rf7+ Ne7 37. Re5 Qxa2 38. Rxg5 b4 39. Qd6+ Kc8 40. Rxe7
Qb1+ 41. Kg2 Qxd3 42. Qc7# 1-0

[Event "9. LGA Premium Cup 2012"]
[Site "Nürnberg"]
[Date "2012.09.09"]
[Round "6.66"]
[White "Reimold, Jonas"]
[Black "Braun, Michael"]
[Result "1/2-1/2"]
[WhiteElo "2046"]
[BlackElo "1855"]
[PlyCount "86"]
[EventDate "2012.??.??"]
[WhiteTeam "SC Eppingen"]
[BlackTeam "SG Büchenbach/Roth e.V."]

1. e4 c5 2. c3 d5 3. exd5 Qxd5 4. d4 e6 5. Nf3 Nf6 6. Bd3 cxd4 7. cxd4 Nc6 8.
O-O Be7 9. Nc3 Qd8 10. a3 O-O 11. Bg5 Nd5 12. Bxe7 Ncxe7 13. Re1 Bd7 14. Ne5 h6
15. Bc2 Rc8 16. Qd3 f5 17. Bb3 Rf6 18. Qd2 g5 19. Nxd7 Qxd7 20. Re5 Kf7 21.
Rae1 b6 22. Nxd5 Nxd5 23. Bxd5 exd5 24. Qe2 Kg6 25. Re7 Qa4 26. Qe5 Qc6 27. h4
gxh4 28. Rxa7 Qd6 29. Qe3 Rg8 30. Re7 Rgf8 31. Re5 f4 32. Qf3 h3 33. Qh5+ Kg7
34. Rxd5 Qc6 35. Re7+ R8f7 36. Rxf7+ Rxf7 37. gxh3 f3 38. Qe5+ Rf6 39. Qe7+ Kg6
40. Qe4+ Kg7 41. Qe7+ Kg6 42. Qd7 Qc1+ 43. Kh2 Qf4+ 1/2-1/2

[Event "9. LGA Premium Cup 2012"]
[Site "Nürnberg"]
[Date "2012.09.09"]
[Round "6.67"]
[White "Stein, Tobias"]
[Black "Wettermann, Bernd"]
[Result "1-0"]
[WhiteElo "2036"]
[BlackElo "1741"]
[PlyCount "63"]
[EventDate "2012.??.??"]
[WhiteTeam "SV Alsfeld"]
[BlackTeam "FC Konradsreuth"]

1. e4 e5 2. Nf3 Nc6 3. Bb5 Bc5 4. O-O d6 5. c3 Bd7 6. d4 Bb6 7. Re1 Nge7 8. Be3
a6 9. Ba4 Ng6 10. Nbd2 O-O 11. Nf1 Qe7 12. Ng3 Rae8 13. Bg5 f6 14. Be3 Qd8 15.
h4 Nh8 16. h5 Nf7 17. Nh4 Kh8 18. Ngf5 Ng5 19. Bxg5 g6 20. hxg6 Bxf5 21. Qh5
Re7 22. Nxf5 fxg5 23. Qh6 Rxf5 24. exf5 Rg7 25. Bxc6 Qf6 26. Be4 c6 27. dxe5
dxe5 28. Rad1 g4 29. Rd3 Rxg6 30. fxg6 Qxf2+ 31. Kh2 g3+ 32. Kh3 1-0

[Event "9. LGA Premium Cup 2012"]
[Site "Nürnberg"]
[Date "2012.09.09"]
[Round "6.69"]
[White "Heppert, Lars"]
[Black "Martin Fernandez, Rodrigo"]
[Result "1/2-1/2"]
[WhiteElo "1956"]
[BlackElo "2156"]
[PlyCount "212"]
[EventDate "2012.??.??"]
[WhiteTeam "SV Haunwöhr SAbt"]
[BlackTeam "SC Erlangen 48/88 e.V."]

1. c4 Nf6 2. g3 e6 3. Bg2 d5 4. Nf3 Be7 5. O-O O-O 6. Qc2 c5 7. d4 cxd4 8. Rd1
Nc6 9. cxd5 Nxd5 10. e4 dxe3 11. fxe3 Qb6 12. Qe2 Rd8 13. Na3 Bd7 14. Nc4 Qa6
15. e4 Nb6 16. b3 Nxc4 17. bxc4 e5 18. Be3 Bg4 19. h3 Be6 20. Nd2 Rac8 21. Bf1
b6 22. Qh5 Bc5 23. Bxc5 bxc5 24. Nb3 Nd4 25. Nxd4 exd4 26. Rac1 Qxa2 27. e5 g6
28. Qh6 Qa5 29. Bd3 Qc7 30. Re1 Rb8 31. h4 Rb3 32. Rcd1 Re8 33. h5 Rxd3 34.
Rxd3 Bxc4 35. hxg6 Bxd3 36. Qxh7+ Kf8 37. g7+ Ke7 38. Qxd3 Qb8 39. Qf5 Rg8 40.
e6 Qxg3+ 41. Kf1 Qxe1+ 42. Kxe1 Rxg7 43. exf7 Rxf7 44. Qxc5+ Ke6 45. Qxd4 Rd7
46. Qa4 Kd6 47. Ke2 Rc7 48. Kd3 Kc5 49. Qa6 Rd7+ 50. Kc3 Rc7 51. Kb3 Rd7 52.
Ka4 Rc7 53. Ka5 Kd5 54. Qd3+ Kc5 55. Qf5+ Kc6 56. Ka6 Kd6 57. Qd3+ Kc5 58. Qd8
Kc6 59. Qd4 Rd7 60. Qc4+ Kd6 61. Qe4 Rc7 62. Kb5 Rc5+ 63. Kb4 a5+ 64. Ka4 Rd5
65. Qe8 Rc5 66. Kb3 Kc7 67. Qe6 Rc6 68. Qe3 Kb7 69. Ka4 Kc7 70. Kxa5 Kd6 71.
Qe4 Rc5+ 72. Kb6 Rd5 73. Qf4+ Re5 74. Qd4+ Ke6 75. Kc6 Kf5 76. Kd6 Re4 77. Qf2+
Rf4 78. Qe3 Re4 79. Qf3+ Rf4 80. Qd5+ Kg4 81. Ke6 Rf3 82. Qe4+ Rf4 83. Qg2+ Kh4
84. Ke5 Rg4 85. Qe2 Kg5 86. Qf3 Kh4 87. Kf5 Rg5+ 88. Ke4 Rg4+ 89. Kf5 Rg5+ 90.
Kf6 Rg4 91. Qf2+ Kh3 92. Kf5 Rg3 93. Qf1+ Kh2 94. Kf4 Rg8 95. Qe2+ Rg2 96. Qh5+
Kg1 97. Qh4 Rg8 98. Qe1+ Kh2 99. Qe2+ Rg2 100. Qh5+ Kg1 101. Kf3 Rf2+ 102. Ke3
Rg2 103. Qd1+ Kh2 104. Qd6+ Kg1 105. Qd4 Kh2 106. Qf4+ Kh3 1/2-1/2

[Event "9. LGA Premium Cup 2012"]
[Site "Nürnberg"]
[Date "2012.09.09"]
[Round "6.70"]
[White "Lais, Thomas"]
[Black "Willim, Michael"]
[Result "1/2-1/2"]
[WhiteElo "1956"]
[BlackElo "2107"]
[PlyCount "22"]
[EventDate "2012.??.??"]
[WhiteTeam "SW Nürnberg Süd e.V."]
[BlackTeam "SC Erlangen 48/88 e.V."]

1. e4 e6 2. d4 d5 3. Nc3 Bb4 4. Nge2 dxe4 5. a3 Be7 6. Nxe4 b6 7. Bf4 Bb7 8.
Qd3 Nd7 9. O-O-O Rc8 10. N2c3 Ngf6 11. Qf3 Nxe4 1/2-1/2

[Event "9. LGA Premium Cup 2012"]
[Site "Nürnberg"]
[Date "2012.09.09"]
[Round "6.71"]
[White "Renner, Gabriele"]
[Black "Hirschinger, Thomas"]
[Result "0-1"]
[WhiteElo "1946"]
[BlackElo "2083"]
[PlyCount "108"]
[EventDate "2012.??.??"]
[WhiteTeam "FC Bayern München e.V."]
[BlackTeam "SK Landau"]

1. e4 c6 2. d4 d5 3. exd5 cxd5 4. Bd3 Nc6 5. c3 Nf6 6. Bf4 g6 7. Nf3 Bg7 8. h3
O-O 9. O-O a6 10. Re1 b5 11. a3 Nd7 12. Nbd2 Re8 13. Nb3 Qb6 14. Bc2 Bb7 15.
Ng5 a5 16. Qf3 Nd8 17. Qg3 a4 18. Bc7 Qf6 19. Nd2 Rc8 20. Re3 h6 21. Ngf3 Ne6
22. Be5 Nxe5 23. Nxe5 Qf4 24. Nxg6 Qxg3 25. fxg3 Nxd4 26. Nxe7+ Kf8 27. Bd3
Rxe7 28. Rxe7 Kxe7 29. cxd4 Bxd4+ 30. Kf1 Bxb2 31. Rb1 Rc1+ 32. Ke2 Rxb1 33.
Nxb1 b4 34. Kd2 bxa3 35. Kc2 Be5 36. Nxa3 Bxg3 37. Nb5 Be5 38. Na3 Kf6 39. Bb5
Bd6 40. Nb1 a3 41. Kb3 d4 42. Nxa3 Bxa3 43. Kxa3 Bxg2 44. Bd7 Ke5 45. Kb3 Bd5+
46. Kc2 Be6 47. Be8 f6 48. h4 Bf5+ 49. Kd2 Kf4 50. Bf7 Kg4 51. h5 Kg5 52. Be8
Bg4 53. Kd3 Bxh5 54. Bc6 Kf4 0-1

[Event "9. LGA Premium Cup 2012"]
[Site "Nürnberg"]
[Date "2012.09.09"]
[Round "6.73"]
[White "Neumann, Robert"]
[Black "Luther, Helmut"]
[Result "0-1"]
[WhiteElo "1875"]
[BlackElo "2017"]
[PlyCount "76"]
[EventDate "2012.??.??"]
[WhiteTeam "SC Noris-Tarrasch Nürnberg 1873"]
[BlackTeam "SW Nürnberg Süd e.V."]

1. c4 d6 2. g3 e5 3. Bg2 f5 4. Nc3 Nf6 5. d3 Be7 6. e3 O-O 7. Nge2 c6 8. O-O
Qe8 9. b3 Qh5 10. f4 Ng4 11. h3 Nh6 12. Ba3 Rf7 13. Qd2 g5 14. Kf2 Be6 15. b4
a6 16. Bb2 Nd7 17. a4 Rd8 18. b5 axb5 19. axb5 Nc5 20. Qc2 e4 21. dxe4 Bxc4 22.
exf5 Nd3+ 23. Kg1 g4 24. bxc6 bxc6 25. Rad1 Nxb2 26. Qxb2 gxh3 27. Bf3 Qxf5 28.
e4 Qg6 29. Kh2 Ng4+ 30. Bxg4 Qxg4 31. Rf2 Rg7 32. Rg1 d5 33. e5 Bc5 34. Rgf1
Bxf2 35. Rxf2 h5 36. Qd2 h4 37. gxh4 Qxh4 38. Nd4 Qg3+ 0-1

[Event "9. LGA Premium Cup 2012"]
[Site "Nürnberg"]
[Date "2012.09.09"]
[Round "6.74"]
[White "Hartmann, Thomas"]
[Black "Balhar, Michael"]
[Result "1-0"]
[WhiteElo "2005"]
[BlackElo "1750"]
[PlyCount "81"]
[EventDate "2012.??.??"]
[WhiteTeam "SC Weisse Dame Ulm e.V."]
[BlackTeam "SC Erlangen 48/88 e.V."]

1. d4 Nf6 2. c4 c5 3. Nf3 g6 4. Nc3 cxd4 5. Nxd4 Bg7 6. g3 Nc6 7. Bg2 O-O 8.
O-O Nxd4 9. Qxd4 d6 10. Qd3 Rb8 11. Rd1 a6 12. c5 Ne8 13. Bf4 e5 14. Bc1 Bf5
15. Be4 Bxe4 16. Nxe4 d5 17. Qxd5 Qxd5 18. Rxd5 Nc7 19. Rd7 Ne6 20. Be3 f5 21.
Ng5 Nxg5 22. Bxg5 e4 23. Rb1 Rf7 24. Rxf7 Kxf7 25. Rd1 Ke6 26. Rd6+ Kf7 27.
Rd7+ Kg8 28. Bf4 Rc8 29. b4 a5 30. Be3 axb4 31. Rxb7 Bf8 32. Rxb4 Kf7 33. Rc4
Ke6 34. Kg2 Kd5 35. Rc2 Be7 36. h4 h5 37. Rb2 Ra8 38. Rb7 Bxc5 39. Rb5 Rc8 40.
f3 exf3+ 41. Kxf3 1-0

[Event "9. LGA Premium Cup 2012"]
[Site "Nürnberg"]
[Date "2012.09.09"]
[Round "6.76"]
[White "Hirschberg, Leander"]
[Black "Pfadenhauer, Johannes"]
[Result "1/2-1/2"]
[WhiteElo "1726"]
[BlackElo "1877"]
[PlyCount "34"]
[EventDate "2012.??.??"]
[WhiteTeam "SV Pfinztal e. V."]
[BlackTeam "Kronacher SK 1882 e.V."]

1. e4 Nf6 2. Nc3 d5 3. exd5 Nxd5 4. Nf3 c6 5. d4 Bg4 6. Be2 e6 7. O-O Be7 8.
Be3 Nd7 9. Nxd5 exd5 10. c3 O-O 11. Re1 Bd6 12. Qc2 Qc7 13. Ng5 Nf6 14. Bxg4 h6
15. Bf3 hxg5 16. Bxg5 Nh7 17. Be3 Bxh2+ 1/2-1/2

[Event "9. LGA Premium Cup 2012"]
[Site "Nürnberg"]
[Date "2012.09.09"]
[Round "6.77"]
[White "Millikan, Erlend"]
[Black "Schubert, Dieter"]
[Result "1/2-1/2"]
[WhiteElo "1731"]
[BlackElo "2094"]
[PlyCount "101"]
[EventDate "2012.??.??"]
[WhiteTeam "USA"]
[BlackTeam "SV Puschendorf 1949 e.V."]
[WhiteTeamCountry "USA"]

1. d4 Nf6 2. Bg5 e6 3. e3 h6 4. Bxf6 Qxf6 5. Nf3 c5 6. c3 Nc6 7. Bd3 b6 8. Nbd2
Bb7 9. Qe2 d6 10. Ne4 Qe7 11. Ba6 d5 12. Bxb7 Qxb7 13. Ned2 Bd6 14. O-O O-O 15.
h3 f5 16. Nh2 e5 17. f4 exd4 18. exd4 Rae8 19. Qf3 Qf7 20. dxc5 Bxc5+ 21. Kh1
Re3 22. Qd1 d4 23. b4 Be7 24. b5 dxc3 25. bxc6 cxd2 26. Qxd2 Re6 27. Qd7 Bf6
28. Rad1 Qxd7 29. cxd7 Rd8 30. Rf3 Kf8 31. Nf1 Re2 32. Ra3 a5 33. Ng3 Rf2 34.
Nxf5 Rxf4 35. Ne3 Rd4 36. Rxd4 Bxd4 37. Nf5 Bc5 38. Rd3 h5 39. g4 hxg4 40. hxg4
g6 41. Nh4 Kf7 42. Kg2 Ke6 43. Nxg6 Rxd7 44. Nf4+ Ke7 45. Rxd7+ Kxd7 46. g5 b5
47. Kf3 a4 48. g6 Ke7 49. Nd5+ Kf8 50. Nc3 Kg7 51. Nxb5 1/2-1/2

[Event "9. LGA Premium Cup 2012"]
[Site "Nürnberg"]
[Date "2012.09.09"]
[Round "6.78"]
[White "Göttle, Artur"]
[Black "Beesk, Kevin"]
[Result "1/2-1/2"]
[WhiteElo "2075"]
[BlackElo "1822"]
[PlyCount "31"]
[EventDate "2012.??.??"]
[WhiteTeam "SC Dillingen"]
[BlackTeam "SK Neumarkt e.V."]
[WhiteTeamCountry "USA"]

1. d4 Nf6 2. c4 c5 3. d5 e5 4. Nc3 d6 5. e4 Nbd7 6. f4 a6 7. Nf3 Qe7 8. Qc2
exf4 9. Bxf4 Ng4 10. O-O-O Nge5 11. Bg5 f6 12. Bf4 g6 13. h3 Bg7 14. Be2 Nf7
15. Kb1 Nde5 16. g4 1/2-1/2

[Event "9. LGA Premium Cup 2012"]
[Site "Nürnberg"]
[Date "2012.09.09"]
[Round "6.79"]
[White "Werner, Thomas"]
[Black "Babichev, Vyacheslav"]
[Result "1-0"]
[WhiteElo "2022"]
[BlackElo "1775"]
[PlyCount "54"]
[EventDate "2012.??.??"]
[WhiteTeam "SW Nürnberg Süd e.V."]
[BlackTeam "SW Nürnberg Süd e.V."]
[WhiteTeamCountry "USA"]

1. d4 Nf6 2. c4 e5 3. dxe5 Ng4 4. Bf4 Bc5 5. e3 d6 6. exd6 cxd6 7. Nf3 O-O 8.
h3 Nf6 9. a3 a5 10. Be2 Qb6 11. Nc3 Bd7 12. Qc2 h6 13. Rd1 Ne8 14. Nd5 Qd8 15.
O-O Nc6 16. Qd2 a4 17. Nc3 Na5 18. Nd4 Nb3 19. Nxb3 axb3 20. Ne4 Nf6 21. Nxd6
Qb6 22. Nb5 Bf5 23. Nd4 Rfd8 24. Qc1 Bg6 25. Nb5 Rxd1 26. Bxd1 Bd3 27. Re1 Bc2
1-0